Trivia #6 - Sudden Death Artists - Statistics

General Stats
  • This quiz has been taken 48 times
  • The average score is 8 of 14
Answer Stats
Hint Answer % Correct
Don't Stop Me Now, We Will Rock You Queen
93%
Purple Rain, Kiss Prince
91%
Back to Black, Rehab Amy Winehouse
89%
I Wanna Dance with Somebody, I Will Always Love You Whitney Houston
86%
Imagine, Woman John Lennon
84%
Jailhouse Rock, Burning Love Elvis Presley
80%
Take Me Home Country Roads, Leaving on a Jet Plane John Denver
73%
California Love, All Eyez on Me Tupac
61%
Break on Through (To the Other Side), Riders on the Storm The Doors
59%
Ramblin Man, Midnight Rider Allman Brothers Band
34%
Moonlight, SAD! XXXTENTACION
32%
Lucid Dreams, Armed and Dangerous Juice WRLD
30%
Self Care, The Spins Mac Miller
18%
Harvey, What Once Was Her's
9%
No matching quizzes found
Score Distribution
Percent of People with Each Score
Percentile by Number Answered
Your Score History
You have not taken this quiz